[Event "US Open-113"]
[Site "Vancouver"]
[Date "2012.08.09"]
[Round "3"]
[White "Setiadikurnia, Sloam"]
[Black "Markowski, Gregory"]
[Result "1-0"]
[WhiteElo "1737"]
[BlackElo "1388"]
[PlyCount "37"]
[EventDate "2012.08.04"]
[EventType "swiss"]
[EventRounds "9"]
[EventCountry "USA"]
[SourceTitle "CBM 149 Extra"]
[Source "ChessBase"]
[SourceDate "2012.08.24"]
[SourceVersion "1"]
[SourceVersionDate "2012.08.24"]
[SourceQuality "1"]

1. e4 c6 2. d4 d5 3. exd5 cxd5 4. Bd3 Nf6 5. h3 Nc6 6. Nf3 e6 7. c3 Be7 8. 0-0 0-0 9. Re1 h6 10. Nbd2 Re8 11. Ne5 Nd7 12. Nf1 Ndxe5 13. dxe5 Bg5 14. f4 Be7 15. Qg4 Kh8 16. Ng3 Rg8 17. Qh5 f5 18. exf6 Bxf6 19. Qg6 1-0

[Event "British Columbia op"]
[Site "Victoria"]
[Date "2009.07.25"]
[Round "2"]
[White "Setiadikurnia, Sloam"]
[Black "Forman, Ken"]
[Result "0-1"]
[WhiteElo "692"]
[BlackElo "1788"]
[PlyCount "58"]
[EventDate "2009.07.24"]
[EventType "swiss"]
[EventRounds "5"]
[EventCountry "CAN"]
[SourceTitle "EXT 2011"]
[Source "ChessBase"]
[SourceDate "2010.11.26"]
[SourceVersion "1"]
[SourceVersionDate "2010.11.26"]
[SourceQuality "1"]

1. e4 c5 2. Nf3 d6 3. d4 cxd4 4. Nxd4 Nf6 5. Nc3 a6 6. Bc4 e6 7. Bg5 Be7 8. 0-0 0-0 9. Re1 Qc7 10. Bb3 Nc6 11. Nf3 b5 12. a3 Bb7 13. Qd3 Rac8 14. Rad1 Rfd8 15. Bf4 e5 16. Be3 Na5 17. Nd2 Nxb3 18. Nxb3 d5 19. exd5 Nxd5 20. Bd2 Nf4 21. Qf5 Nxg2 22. Rxe5 Nh4 23. Rxe7 Qxe7 24. Qh3 Nf3+ 25. Kf1 Qc7 26. Qg3 Qc4+ 27. Ne2 Qxc2 28. Rc1 Nxd2+ 29. Nxd2 Qxd2 0-1